000 00636nam a2200205 a 4500
005 20240925064124.0
008 991125s1978 mx 000 0 spa u
020 _a9681600150
035 _aUPN01000014122
049 _aCG
050 4 _aBF468
_bP5.38
100 1 _aPiaget, Jean,
_d1896-1980
245 1 3 _aEl desarrollo de la noción de tiempo en el niño /
_cJean Piaget ; tr. de Víctor Manuel Suárez.
260 _aMéxico :
_bFCE,
_c1978.
300 _a301 p.
440 0 _aBiblioteca de psicología y psicoanálisis
650 4 _aPERCEPCION DEL TIEMPO EN NIÑOS
_923049
650 4 _aNiño, Estudio del
_9221
905 _aLibro
999 _c14122
_d14122